000
00288nam a22001337a 4500
020
_a
978-1-84-604286-7
082
_a
158
_b
CHO/S
100
_a
DEEPAK CHOPRA
245
_a
SELF POWER
260
_a
LONDON
_b
RIDER
300
_a
204
650
_a
PERSONALITY DEVELOPMENT
_z
LONDON
942
_c
BK
999
_c
5205
_d
5205